• 首页
  • 本馆介绍
  • 公告通知
  • 最新文献
  • 馆藏检索
  • 电子资源
  • 读者导购
  • 参考咨询
  • 我的图书馆
  • 登录
  • 详细信息显示
  • 放入我的书架
  • 预约/预借图书
  • 作者相关作品
  • 分类相关作品
  • 丛书相关作品
  • 出版社相关作品

书目信息

  • 表格格式
  • 工作单格式
  • 卡片格式
题名:
生物化学与分子生物学实验教程
    
 
作者: 侯新东 主编
分册:  
出版信息: 武汉   中国地质大学出版社  2016.12
页数: 223页
开本: 26cm
丛书名:
单 册:
中图分类: Q5-33 , Q7-33
科图分类:
主题词: 生物化学--实验--高等学校--教材 , 分子生物学--实验--高等学校--教材
电子资源:
ISBN: 978-7-5625-3996-4
000 00803nam0 2200241 450
001 4455
005 20181012093618.49
010    @a978-7-5625-3996-4@dCNY35.00
100    @a20170427d2016 em y0chiy50 ea
101 0  @achi
102    @aCN@b420000
105    @aa z 000yy
200 1  @a生物化学与分子生物学实验教程@9sheng wu hua xue yu fen zi sheng wu xue shi yan jiao cheng@f侯新东主编
210    @a武汉@c中国地质大学出版社@d2016.12
215    @a223页@c图@d26cm
330    @a全书共三部分内容,包括生物化学与分子生物学实验基本知识、实验原理与技术、实验。
606 0  @a生物化学@x实验@x高等学校@j教材
606 0  @a分子生物学@x实验@x高等学校@j教材
690    @aQ5-33@v5
690    @aQ7-33@v5
701  0 @a侯新东@9hou xin dong@4主编
801  0 @aCN@b91MARC@c20170427
905    @aMuseLib@dQ5-33@e259
    
    生物化学与分子生物学实验教程/侯新东主编.-武汉:中国地质大学出版社,2016.12
    223页:图;26cm
    
    
    ISBN 978-7-5625-3996-4:CNY35.00
    全书共三部分内容,包括生物化学与分子生物学实验基本知识、实验原理与技术、实验。
●
相关链接 在E读中查询图书 在五车中查询图书 在当当中查询图书 在豆瓣中查询图书


正题名:生物化学与分子生物学实验教程     索取号:Q5-33/259         预约/预借

序号 登录号 条形码 馆藏地/架位号 状态 备注
1 1125191   211251919   第二样本阅览室/ [索取号:Q5-33/259] 在馆    
2 1125192   211251928   第三借阅区/ [索取号:Q5-33/259] 在馆    
3 1125193   211251937   第三借阅区/ [索取号:Q5-33/259] 在馆    
4 1125194   211251946   第三借阅区/ [索取号:Q5-33/259] 在馆    
5 1125195   211251955   密集书库-生命科学系/ [索取号:Q5-33/259] 在馆    
唐山师范学院图书馆 欢迎您!
大连网信软件有限公司© 版权所有